000 00691nam a2200217 i 4500
001 121418
003 ES-MaACL
005 20230906191741.0
007 t|
008 070214s1963 sp r ||||1| spa d
100 1 _aPlacer López, Gumersindo.
_992503
245 1 0 _aBibliografía mercedaria /
_cGumersindo Placer López.
260 _aMadrid :
_bRevista Estudios,
_c1963.
300 _a1 v. ;
_c24 cm.
490 1 _aPublicaciones del Monasterio de Poyo ;
_v8
505 8 _aContiene: vol. I: A-F
610 2 4 _aMercedarios-
_vBibliografías.
_9168558
830 0 _aPublicaciones del Monasterio de Poyo ;
_v8
_9185703
852 _aES-MaACL
_jP-1025-bis
_bR.52576
999 _c121418
_d121418